Hall of Fame Companies Searching for Excellence in Design (Record no. 10960)

MARC details
000 -CABECERA
campo de control de longitud fija 01130nam a22002897a 4500
001 - NÚMERO DE CONTROL
campo de control BRCA_9338
003 - IDENTIFICADOR DEL NÚMERO DE CONTROL
campo de control FranzMayer
005 - FECHA Y HORA DE LA ÚLTIMA TRANSACCIÓN
campo de control 20230918120957.0
008 - DATOS DE LONGITUD FIJA--INFORMACIÓN GENERAL
campo de control de longitud fija 230825b |||||||| |||| 00| 0 eng d
020 ## - NÚMERO INTERNACIONAL ESTÁNDAR DEL LIBRO
Número Internacional Estándar del Libro 3929638797
040 ## - FUENTE DE LA CATALOGACIÓN
Centro catalogador/agencia de origen MFM
Lengua de catalogación esp
Centro/agencia transcriptor MFM
050 #0 - SIGNATURA TOPOGRÁFICA DE LA BIBLIOTECA DEL CONGRESO
Número de clasificación NC1002
Número de documento/Ítem .R43 2003
110 1# - ENTRADA PRINCIPAL--NOMBRE DE ENTIDAD CORPORATIVA
Código de función/relación Responsable
Nombre de entidad corporativa o nombre de jurisdicción como elemento de entrada Reddot edition
9 (RLIN) 29200
240 ## - TÍTULO UNIFORME
Título uniforme Hall of Fame Companies Searching for Excellence in Design
Medio A Review of the 20th Century
Lenguaje de la obra Inglés
245 0# - MENCIÓN DE TÍTULO
Título Hall of Fame Companies Searching for Excellence in Design
Resto del título A Review of the 20th Century
260 ## - PUBLICACIÓN, DISTRIBUCIÓN, ETC.
Lugar de publicación, distribución, etc. Alemania
Nombre del editor, distribuidor, etc. Reddot Edition
Fecha de publicación, distribución, etc. 2003
300 ## - DESCRIPCIÓN FÍSICA
Extensión 207 p
Otras características físicas Ilustraciones a color
Dimensiones 32 cm
440 ## - MENCIÓN DE SERIE/PUNTO DE ACCESO ADICIONAL--TÍTULO
Título Hall of Fame Companies Searching for Excellence in Design
Número de parte o sección de la obra Vol 1.
9 (RLIN) 29201
500 ## - NOTA GENERAL
Nota general Anexo 1
500 ## - NOTA GENERAL
Nota general Libro en pasta dura
505 ## - NOTA DE CONTENIDO CON FORMATO
Nota de contenido con formato Texto en: inglésDirigido a: artistas, comunicólogos y personas relacionadas a la mercadotecnia
650 1# - PUNTO DE ACCESO ADICIONAL DE MATERIA--TÉRMINO DE MATERIA
Fuente del encabezamiento o término Diseño
Término de materia o nombre geográfico como elemento de entrada Artes
Subdivisión de forma Artes comerciales
9 (RLIN) 29202
651 2# - PUNTO DE ACCESO ADICIONAL DE MATERIA--NOMBRE GEOGRÁFICO
Fuente del encabezamiento o término Mercadotecnia
Nombre geográfico Compañias
Subdivisión de forma Siglo XX
9 (RLIN) 29203
700 1# - PUNTO DE ACCESO ADICIONAL--NOMBRE DE PERSONA
Código de función/relación Edit.
Nombre de persona Zec, Peter
9 (RLIN) 29204
710 1# - PUNTO DE ACCESO ADICIONAL--NOMBRE DE ENTIDAD CORPORATIVA
Código de función/relación Coord
Nombre de entidad corporativa o nombre de jurisdicción como elemento de entrada Avedition
9 (RLIN) 29205
942 ## - ELEMENTOS DE PUNTO DE ACCESO ADICIONAL (KOHA)
Fuente del sistema de clasificación o colocación Library of Congress Classification
Tipo de ítem Koha Libros
Holdings
Estado de retiro Estado de pérdida Fuente del sistema de clasificación o colocación Estado dañado No para préstamo Código de colección Localización permanente Ubicación/localización actual Fecha de adquisición Total de préstamos Signatura topográfica completa Código de barras Fecha visto por última vez Precio válido a partir de Tipo de ítem Koha
El ejemplar forma parte de la colección y puede ser consultado según las políticas vigentes.   Library of Congress Classification     Fondo Contemporáneo Biblioteca del Museo Franz Mayer (Rogerio Casas-Alatriste) Biblioteca del Museo Franz Mayer (Rogerio Casas-Alatriste) 25/08/2023   NC1002 .R43 2003 CONT10094 25/08/2023 25/08/2023 Libros